[Event "Dhaka Sheikh Russel op"]
[Site "Dhaka"]
[Date "2022.10.17"]
[Round "5.2"]
[White "Junaid, Sohail"]
[Black "De Silva, LMST"]
[Result "0-1"]
[WhiteElo "1981"]
[BlackElo "2516"]
[PlyCount "68"]
[EventDate "2022.10.13"]
[EventType "team-tourn"]
[EventRounds "5"]
[EventCountry "BAN"]
[SourceTitle "CBM 210 Extra"]
[Source "ChessBase"]
[SourceDate "2022.11.30"]
[SourceVersion "1"]
[SourceVersionDate "2022.11.30"]
[SourceQuality "1"]
[WhiteTeam "Pakistan"]
[BlackTeam "Sri Lanka"]
[WhiteTeamCountry "PAK"]
[BlackTeamCountry "SRI"]

1. d4 Nf6 2. c4 e6 3. Nf3 b6 4. g3 Bb7 5. Bg2 g6 6. Nc3 Bg7 7. Qc2 0-0 8. e4 d5 9. e5 Ne4 10. cxd5 Nxc3 11. bxc3 Bxd5 12. 0-0 Nc6 13. Be3 Na5 14. Nd2 Bxg2 15. Kxg2 c5 16. f4 cxd4 17. cxd4 Rc8 18. Qd3 Qd5+ 19. Qe4 Nc4 20. Kf2 Nxe3 21. Qxe3 Rfd8 22. Rfc1 Rxc1 23. Rxc1 Qxa2 24. Qc3 Bf8 25. Ra1 Bb4 26. Rxa2 Bxc3 27. Nf3 a5 28. Ke3 b5 29. Kd3 Rc8 30. Rc2 b4 31. Nd2 Rd8 32. Nf3 a4 33. Kc4 Rc8+ 34. Kb5 b3 0-1

[Event "Dhaka Sheikh Russel op"]
[Site "Dhaka"]
[Date "2022.10.14"]
[Round "2.2"]
[White "Rahman, Ziaur"]
[Black "Junaid, Sohail"]
[Result "1-0"]
[WhiteElo "2462"]
[BlackElo "1981"]
[PlyCount "137"]
[EventDate "2022.10.13"]
[EventType "team-tourn"]
[EventRounds "5"]
[EventCountry "BAN"]
[SourceTitle "CBM 210 Extra"]
[Source "ChessBase"]
[SourceDate "2022.11.30"]
[SourceVersion "1"]
[SourceVersionDate "2022.11.30"]
[SourceQuality "1"]
[WhiteTeam "Bangladesh"]
[BlackTeam "Pakistan"]
[WhiteTeamCountry "BAN"]
[BlackTeamCountry "PAK"]

1. Nf3 d5 2. g3 Nf6 3. Bg2 e6 4. 0-0 Be7 5. c4 0-0 6. d4 dxc4 7. Qc2 a6 8. a4 b5 9. axb5 Bb7 10. Nc3 Nd5 11. Ne5 Nb4 12. Qd1 Bxg2 13. Kxg2 Nd7 14. bxa6 Nxe5 15. dxe5 Rxa6 16. Rxa6 Nxa6 17. Qa4 Qa8+ 18. f3 Nb4 19. Qb5 Qc6 20. Rd1 Qxb5 21. Nxb5 Nd5 22. e4 Rb8 23. exd5 Rxb5 24. dxe6 Rxe5 25. exf7+ Kxf7 26. Kf1 Rb5 27. Ke2 Bf6 28. Rd7+ Kg6 29. Rxc7 Bxb2 30. Be3 Rb4 31. g4 Bf6 32. f4 h6 33. h4 Bxh4 34. f5+ Kf6 35. Bd4+ Kg5 36. Rxg7+ Kf4 37. f6 Rb8 38. f7 Be7 39. Be3+ Ke4 40. Bd2 Rb2 41. Rg8 Bb4 42. Re8+ Kd5 43. Kf3 Rxd2 44. Rd8+ Ke6 45. Rxd2 Kxf7 46. Rd4 Kg6 47. Rxc4 Be7 48. Rc6+ Kg5 49. Rb6 Bf6 50. Rb5+ Kg6 51. Ke4 Bc3 52. Kf3 Bf6 53. Kf4 Bg5+ 54. Ke5 Bf6+ 55. Ke6 Bc3 56. Rb3 Bd2 57. Rd3 Bc1 58. Rd8 Kg5 59. Rg8+ Kf4 60. Rg6 Ke4 61. Rf6 Bf4 62. Rf7 Be3 63. Rf1 Bd2 64. Kf6 Bf4 65. Kg6 Bg5 66. Kh5 Ke3 67. Ra1 Kf3 68. Ra3+ Kf4 69. Ra5 1-0

[Event "Asia-ch Amateur"]
[Site "Muscat"]
[Date "2022.10.01"]
[Round "3"]
[White "Junaid, Sohail"]
[Black "Jaradat, Othman"]
[Result "1-0"]
[WhiteElo "1981"]
[BlackElo "1751"]
[PlyCount "71"]
[EventDate "2022.09.29"]
[EventType "swiss"]
[EventRounds "9"]
[EventCountry "OMN"]
[SourceTitle "CBM 210 Extra"]
[Source "ChessBase"]
[SourceDate "2022.11.30"]
[SourceVersion "1"]
[SourceVersionDate "2022.11.30"]
[SourceQuality "1"]

1. d4 e6 2. c4 d5 3. Nf3 Nf6 4. Nc3 Be7 5. Bf4 0-0 6. e3 a6 7. c5 Nbd7 8. b4 c6 9. a3 Ne4 10. Nxe4 dxe4 11. Nd2 f5 12. Nc4 g5 13. Be5 Nxe5 14. dxe5 Qd5 15. Qc2 Qd8 16. Nb6 Rb8 17. Bc4 Re8 18. Rd1 Qc7 19. Qc3 Bf8 20. 0-0 Bg7 21. Rd6 Bf8 22. Rfd1 Re7 23. Rd8 Kf7 24. R1d6 Bg7 25. Qd4 Bf8 26. a4 Bg7 27. Nxc8 Rxc8 28. R8d7 Qb8 29. Bxe6+ Ke8 30. Rxe7+ Kxe7 31. Bxc8 Qxc8 32. g4 f4 33. h3 fxe3 34. Qxe3 h6 35. Qxe4 Qh8 36. e6 1-0